| 000 | 00612nam a22001817a 4500 | ||
|---|---|---|---|
| 005 | 20251108164136.0 | ||
| 008 | 250721s2008 xx 000 0 ara d | ||
| 082 | 1 | 4 | _a615.8/شرف |
| 100 | 1 | _aالشرفاء، يوسف | |
| 245 | 1 | 0 | _aالوقاية من أمراض السرطان و التخلص من سموم الجسم بطريقة الشاولين الصينية / |
| 264 | 1 |
_aعمان : _bدار عالم الثقافة، _c2008. |
|
| 300 | _a296ص. | ||
| 650 | 1 | 7 | _aمرض السرطان |
| 650 | 1 | 7 | _aالطب الشعبي |
| 653 | _aالعلاج الصيني | ||
| 942 |
_2ddc _cBK |
||
| 999 |
_c4690 _d4690 |
||